00263nam a2200097 a 4500008004100000050001600041245003500057246005500092260000900147350000900156120416s1966 xx |||||||||||||| || u aNA 9000 Was10aUrban planning and development aWashinton University. Department of Urban Planning c1966 a0.00